UM Logo

Effects of symbolic and nonsymbolic equal-sign intervention in second-grade classrooms / (Record no. 21094)

MARC details
000 -LEADER
fixed length control field 00883nam a22002057a 4500
005 - DATE AND TIME OF LATEST TRANSACTION
control field 20260210090758.0
008 - FIXED-LENGTH DATA ELEMENTS--GENERAL INFORMATION
fixed length control field 240830b ||||| |||| 00| 0 eng d
082 ## - DEWEY DECIMAL CLASSIFICATION NUMBER
Classification number DPer 372.05 El262 March-June 2019 v. 119 n. 3-4
100 ## - MAIN ENTRY--PERSONAL NAME
Personal name Chow, Jason C.
Relator term author.
9 (RLIN) 59535
245 ## - TITLE STATEMENT
Title Effects of symbolic and nonsymbolic equal-sign intervention in second-grade classrooms /
Statement of responsibility, etc. Jason C. Chow and Joseph H. Wehby.
260 ## - PUBLICATION, DISTRIBUTION, ETC. (IMPRINT)
Place of publication, distribution, etc. Chicago,USA ;
Name of publisher, distributor, etc. University of Chicago Press ,
Date of publication, distribution, etc. June 2019.
300 ## - PHYSICAL DESCRIPTION
Extent Volume 119, pages 677-702 :
Other physical details illustration ;
Dimensions 25 cm.
500 ## - GENERAL NOTE
General note The Elementary School Journal, vol. 119, no. 4, pages 677-702, June 2019.
650 #0 - SUBJECT ADDED ENTRY--TOPICAL TERM
Topical term or geographic name as entry element Instructional effectiveness.
9 (RLIN) 64936
650 #0 - SUBJECT ADDED ENTRY--TOPICAL TERM
Topical term or geographic name as entry element Symbols (Mathematics).
9 (RLIN) 67348
650 #0 - SUBJECT ADDED ENTRY--TOPICAL TERM
Topical term or geographic name as entry element Visual aids.
9 (RLIN) 67349
700 ## - ADDED ENTRY--PERSONAL NAME
Personal name Chow, Jason C.
Relator term author.
9 (RLIN) 59535
700 ## - ADDED ENTRY--PERSONAL NAME
Personal name Wehby, Joseph H.
Relator term author.
9 (RLIN) 59536
942 ## - ADDED ENTRY ELEMENTS (KOHA)
Source of classification or shelving scheme Dewey Decimal Classification
Koha item type Periodicals
Holdings
Withdrawn status Lost status Source of classification or shelving scheme Damaged status Not for loan Collection code Home library Current library Date acquired Total Checkouts Full call number Date last seen Price effective from Koha item type Public note
    Dewey Decimal Classification     Periodicals UM Digos College - LIC UM Digos College - LIC 08/30/2024   DPer 372.05 El262 March-June 2019 v. 119 n. 3-4 08/30/2024 08/30/2024 Periodicals Periodical Article